Welcome to CU Library Online Public Access Catalogue (OPAC)

Emergency Care/ (Record no. 3379)

MARC details
000 -LEADER
fixed length control field 00420nam a22001457a 4500
005 - DATE AND TIME OF LATEST TRANSACTION
control field 20250203083815.0
008 - FIXED-LENGTH DATA ELEMENTS--GENERAL INFORMATION
fixed length control field 250203b |||||||| |||| 00| 0 eng d
050 ## - LIBRARY OF CONGRESS CALL NUMBER
Classification number RC87
Item number .G693
100 ## - MAIN ENTRY--PERSONAL NAME
Personal name Grant, Harvey
245 ## - TITLE STATEMENT
Title Emergency Care/
Statement of responsibility, etc. Harvey Grant, Robert Murray
260 ## - PUBLICATION, DISTRIBUTION, ETC.
Place of publication, distribution, etc. Bowie, Maryland
Name of publisher, distributor, etc. Robert J. Brady Company
Date of publication, distribution, etc. 1971
300 ## - PHYSICAL DESCRIPTION
Extent 334p.
Other physical details ill. some color
Dimensions 28cm
700 ## - ADDED ENTRY--PERSONAL NAME
Personal name Murray, Robert
942 ## - ADDED ENTRY ELEMENTS (KOHA)
Source of classification or shelving scheme Library of Congress Classification
Koha item type Books
Suppress in OPAC No
999 ## -
-- 3379
-- 3379
Holdings
Withdrawn status Lost status Source of classification or shelving scheme Damaged status Not for loan Collection Home library Current library Shelving location Date acquired Total checkouts Full call number Barcode Date last seen Copy number Price effective from Koha item type
    Library of Congress Classification     Non-fiction Science Library (Miotso) Science Library (Miotso) General stacks 02/03/2025   RC87 .G693 GRA SLM00002830 02/03/2025 1 02/03/2025 Books
© 2023-2024 Copyright: Central University Libraries. All Rights Reserved | Created by: Mahone Tech Office